| 000 | 01876cam a22004097a 4500 | ||
|---|---|---|---|
| 003 | CHAP | ||
| 005 | 20220329140606.0 | ||
| 008 | 971013s r 10010 d | ||
| 010 | _a54408 | ||
| 011 | _a55380 | ||
| 035 | _a59532 | ||
| 040 | _cCHAP | ||
| 082 |
_a301.35 _bS4 1979 |
||
| 111 | 0 | 0 |
_aSeminario Nacional de Sociología y Desarrollo Rural ( _n1 _d: 1979 _c: Chapingo, Méx) _9104216 |
| 245 | 0 | _aPonencias | |
| 260 |
_a(s.l.) : _b(s.e.0A, _c(s.a.) |
||
| 300 | _a5v en 6 t. | ||
| 505 | _aContenido: v.1 El desarrollo del capitalismo en el campo -- v.2 La lucha de clases en el medio rural y su relación con el movimiento obrero -- v.3 Análisis, crítica y perspectivas de la reforma agraria -- v.4 Desarrllo rural -- v.4 B Organización ru | ||
| 590 |
_aBATCH-UPD _b10 _c20130110 _lUCH01 _h0956 |
||
| 590 |
_aBATCH-UPD _b10 _c20130410 _lUCH01 _h0608 |
||
| 590 |
_aBATCH-UPD _b10 _c20130914 _lUCH01 _h1155 |
||
| 590 |
_aCONVERSION _b10 _c20130109 _lUCH01 _h1329 |
||
| 650 | 1 | 4 |
_aDesarrollo rural. _932067 |
| 650 | 1 | 4 |
_aReforma agraria _zMéxico. _995596 |
| 650 | 1 | 4 |
_aSociología rural _xCongresos. _9108226 |
| 901 | _aBK | ||
| 942 | _cLIBRO | ||
| 949 |
_a301.35 S4 1979 _bBC _cLIBRO _d-128717 _eLIBRO _fv.1 _h46918 _i59532 _si |
||
| 949 |
_a301.35 S4 1979 _bBC _cLIBRO _d-128718 _eLIBRO _fv.2A _h46919 _i59532 _si |
||
| 949 |
_a301.35 S4 1979 _bBC _cLIBRO _d-128719 _eLIBRO _fv.2B _h46920 _i59532 _si |
||
| 949 |
_a301.35 S4 1979 _bBC _cLIBRO _d-128720 _eLIBRO _fv.3 _h46921 _i59532 _si |
||
| 949 |
_a301.35 S4 1979 _bBC _cLIBRO _d-128721 _eLIBRO _fv.4 _h46922 _i59532 _si |
||
| 949 |
_a301.35 S4 1979 _bBC _cLIBRO _d-128722 _eLIBRO _fv.5 _h64423 _i59532 _si |
||
| 949 |
_a301.35 S4 1979 _bBC _cLIBRO _d-128723 _eLIBRO _fv.6 _h58302 _i59532 _si |
||
| 949 |
_a301.35 S4 1979 _bBC _cLIBRO _d-136885 _eLIBRO _fv.1 c.2 _h47879 _i59532 _si |
||
| 949 |
_a301.35 S4 1979 _bBC _cLIBRO _d-136886 _eLIBRO _fv.2 c.2 _h47880 _i59532 _si |
||
| 999 |
_c54408 _d54408 |
||